Cases and materials on EC law / (Record no. 613654)

000 -LEADER
fixed length control field 01369cam a2200337 a 4500
001 - CONTROL NUMBER
control field 12991601
005 - DATE AND TIME OF LATEST TRANSACTION
control field 20250505135543.0
008 - FIXED-LENGTH DATA ELEMENTS--GENERAL INFORMATION
fixed length control field 021104r2001 enka b 001 0 eng d
010 ## - LIBRARY OF CONGRESS CONTROL NUMBER
LC control number 2002728022
020 ## - INTERNATIONAL STANDARD BOOK NUMBER
International Standard Book Number 1841740128
035 ## - SYSTEM CONTROL NUMBER
System control number (CStRLIN)NYCXV4394819-B
040 ## - CATALOGING SOURCE
Original cataloging agency IeGyUC
Transcribing agency IeGyUC
Modifying agency Uk
-- MiU
-- NNU-L
-- CStRLIN
-- NIC
-- DLC
042 ## - AUTHENTICATION CODE
Authentication code lccopycat
043 ## - GEOGRAPHIC AREA CODE
Geographic area code e------
050 00 - LIBRARY OF CONGRESS CALL NUMBER
Classification number KJE945
Item number .W43 2001
082 00 - DEWEY DECIMAL CLASSIFICATION NUMBER
Classification number 341.2422
Author Mark WEA
100 1# - MAIN ENTRY--PERSONAL NAME
Personal name Weatherill, Stephen,
Dates associated with a name 1961-
9 (RLIN) 128811
245 10 - TITLE STATEMENT
Title Cases and materials on EC law /
Statement of responsibility, etc. Stephen Weatherill.
246 30 - VARYING FORM OF TITLE
Title proper/short title EC law
250 ## - EDITION STATEMENT
Edition statement 5th ed., repr.
260 ## - PUBLICATION, DISTRIBUTION, ETC.
Place of publication, distribution, etc. London :
Name of publisher, distributor, etc. Blackstone Press,
Date of publication, distribution, etc. 2001.
300 ## - PHYSICAL DESCRIPTION
Extent lxiv, 763 p. :
Other physical details ill. ;
Dimensions 23 cm.
504 ## - BIBLIOGRAPHY, ETC. NOTE
Bibliography, etc. note Includes bibliographical references (p. [750]-752) and index.
650 #0 - SUBJECT ADDED ENTRY--TOPICAL TERM
Topical term or geographic name entry element Law
Geographic subdivision European Economic Community countries.
9 (RLIN) 128812
856 42 - ELECTRONIC LOCATION AND ACCESS
Materials specified Publisher description
Uniform Resource Identifier <a href="http://www.loc.gov/catdir/enhancements/fy0639/2002728022-d.html">http://www.loc.gov/catdir/enhancements/fy0639/2002728022-d.html</a>
856 41 - ELECTRONIC LOCATION AND ACCESS
Materials specified Table of contents only
Uniform Resource Identifier <a href="http://www.loc.gov/catdir/enhancements/fy0639/2002728022-t.html">http://www.loc.gov/catdir/enhancements/fy0639/2002728022-t.html</a>
856 42 - ELECTRONIC LOCATION AND ACCESS
Materials specified Contributor biographical information
Uniform Resource Identifier <a href="http://www.loc.gov/catdir/enhancements/fy0725/2002728022-b.html">http://www.loc.gov/catdir/enhancements/fy0725/2002728022-b.html</a>
906 ## - LOCAL DATA ELEMENT F, LDF (RLIN)
a 7
b cbc
c copycat
d 2
e ncip
f 20
g y-gencatlg
942 ## - ADDED ENTRY ELEMENTS (KOHA)
Source of classification or shelving scheme
Koha item type Book
Holdings
Withdrawn status Lost status Source of classification or shelving scheme Damaged status Not for loan Permanent Location Current Location Date acquired Source of acquisition Full call number Barcode Date last seen Price effective from Koha item type
          NUST Law School (NLS) NUST Law School (NLS) 05/05/2025 Donated by Vanguard Books Pvt Limited 341.2422 WEA NLSD-2 05/05/2025 05/05/2025 Book
© 2023 Central Library, National University of Sciences and Technology. All Rights Reserved.